000 00541nmm a2200229 a 4500
003 AR-BaBNM
005 20251128211403.0
008 164020s2000 ||||||||||||||000 | spa||
020 _a987-9243-59-5
040 _cAR-BaBNM
100 1 _aVinelli, Elena
245 1 0 _aAnna O.
260 _aBuenos Aires
_bEdiciones Simurg
_c2000
300 _a125 p.
650 4 _aLITERATURA ARGENTINA
650 4 _aLITERATURA CONTEMPORANEA
650 4 _aCUENTOS
653 _aNARRATIVA
655 _aLITERATURA
942 _cBK
998 _cmartin
999 _c19463
_d19463